[Event "Santo Domingo Regional-ch"]
[Site "Santo Domingo"]
[Date "2016.03.11"]
[Round "1"]
[White "Marquez Moya, Eddy"]
[Black "Legreaux Quintana, Manuel Antonio"]
[Result "1-0"]
[WhiteElo "2028"]
[BlackElo "1775"]
[PlyCount "78"]
[EventDate "2016.03.11"]
[EventType "swiss"]
[EventRounds "7"]
[EventCountry "DOM"]
[SourceTitle "EXT 2017"]
[Source "ChessBase"]
[SourceDate "2016.10.25"]
[SourceVersion "1"]
[SourceVersionDate "2016.10.25"]
[SourceQuality "1"]

1. d4 d5 2. c4 Bf5 3. Nc3 e6 4. Nf3 Bb4 5. Qb3 Nc6 6. cxd5 exd5 7. Bd2 Bxc3 8. Bxc3 Bc8 9. e3 Nge7 10. Bd3 0-0 11. Qc2 Ng6 12. h4 f5 13. h5 Nge7 14. 0-0-0 Be6 15. Ng5 Bd7 16. f4 a6 17. h6 g6 18. Kb1 b5 19. Rc1 Nc8 20. Be1 Qe7 21. Qd2 Re8 22. Bf2 Nd6 23. b3 Ne4 24. Bxe4 fxe4 25. Rc5 b4 26. Rxd5 a5 27. Rc1 a4 28. Rdc5 axb3 29. axb3 Ra6 30. Qe2 Rea8 31. Qc4+ Kh8 32. Bh4 Ra1+ 33. Kc2 R8a2+ 34. Kd1 Bg4+ 35. Ke1 Rxc1+ 36. Qxc1 Re2+ 37. Kf1 Na5 38. Rxa5 Qd8 39. Nf7+ Kg8 1-0